| 000 | 01081nam a22002897a 4500 | ||
|---|---|---|---|
| 003 | AUA.1 | ||
| 005 | 20250929174922.0 | ||
| 008 | 111220t xxu||||| |||| 00| 0 eng d | ||
| 010 | _a8171768 | ||
| 020 | _a0849908256 | ||
| 040 | _cFF | ||
| 050 |
_aBS491.2 _b.W67 2004 |
||
| 245 |
_aWord Biblical commentary : _bSong of songs : Lamentations / _cDuane Garret; Paul R. House. |
||
| 260 |
_aNashville : _bThomas Nelson, _cc2004. |
||
| 300 |
_axiv, 478 p. : _c24 cm. |
||
| 440 |
_aWord Biblical commentary : _nv.23B _948962 |
||
| 504 | _aInclude bibliography and index. | ||
| 650 |
_vSong of Songs _xBible _yCommentaries _918001 |
||
| 650 |
_v Lamentations _xBible _yCommentaries _948967 |
||
| 700 |
_aGarrett, Duane _918002 _eSong of Songs |
||
| 700 |
_aHouse, Paul R _eLamentations _948968 |
||
| 700 |
_aWatts, John D.W. _4Old Testament ed. _948963 |
||
| 700 |
_aWatts, James W. _4Old Testament ed. _948964 |
||
| 700 |
_aMartin, Ralph P. _4New Testament ed. _948965 |
||
| 700 |
_aLosie, Lynn Allan _4New Testament ed. _948966 |
||
| 942 |
_2lcc _cREF _hBS 491.2 _i.W67 2004 |
||
| 999 |
_c5189 _d5189 |
||